ბათუმის შოთა რუსთაველის სახელმწიფო უნივერსიტეტის ბიბლიოთეკა

ლაზერი კოსმოსს კვეთს (ბიბ.ჩანაწერი № 42157)

000 -LEADER
fixed length control field 00843nam a2200217Ia 4500
001 - CONTROL NUMBER
control field 8850
003 - CONTROL NUMBER IDENTIFIER
control field GE_BSU
008 - FIXED-LENGTH DATA ELEMENTS--GENERAL INFORMATION
fixed length control field 181216s||||||||xx |||||||||||||| ||und||
040 ## - CATALOGING SOURCE
Transcribing agency GE_BSU
080 ## - UNIVERSAL DECIMAL CLASSIFICATION NUMBER
Universal Decimal Classification number 087.5:62
100 ## - MAIN ENTRY--PERSONAL NAME
Personal name კარბელაშვილი, ანდრე
245 ## - TITLE STATEMENT
Title ლაზერი კოსმოსს კვეთს
245 ## - TITLE STATEMENT
Remainder of title მეცნ. და ტექნიკის მიღწევები უფრ. სასკოლო ასაკის ბავშვთათვის
245 ## - TITLE STATEMENT
Statement of responsibility, etc. რედ. მ. სოხაძე.მხატვ. ა. ქლიბაძე
260 ## - PUBLICATION, DISTRIBUTION, ETC.
Place of publication, distribution, etc. თბილისი
260 ## - PUBLICATION, DISTRIBUTION, ETC.
Name of publisher, distributor, etc. ნაკადული
260 ## - PUBLICATION, DISTRIBUTION, ETC.
Date of publication, distribution, etc. 1976
300 ## - PHYSICAL DESCRIPTION
Extent 229გვ..ილ. 20სმ.
653 ## - INDEX TERM--UNCONTROLLED
Uncontrolled term ლაზერი კოსმოსს კვეთს
942 ## - ADDED ENTRY ELEMENTS (KOHA)
Koha item type წიგნი
ეგზემპლარები
Withdrawn status Lost status Damaged status Not for loan Date acquired Barcode Date last seen Price effective from Koha item type
        2018-12-17 31324 2018-12-17 2018-12-17 წიგნი
        2018-12-17 31325 2018-12-17 2018-12-17 წიგნი
        2018-12-17 31326 2018-12-17 2018-12-17 წიგნი